Новая волна о природе диссенсуса в науке: модели и уровни диссенсуса; Прогрессивные технологии и экономика в машиностроении

מידע ביבליוגרפי
Parent link:Прогрессивные технологии и экономика в машиностроении.— 2002.— С. 155-156
מחבר ראשי: Корниенко А. А. Алла Александровна
מחברים אחרים: Пятунина А. А.
שפה:רוסית
יצא לאור: 2002
נושאים:
פורמט: MixedMaterials Book Chapter
KOHA link:https://koha.lib.tpu.ru/cgi-bin/koha/opac-detail.pl?biblionumber=100210

MARC

LEADER 00000naa2a2200000 4500
001 100210
005 20240213142308.0
035 |a (RuTPU)RU\TPU\book\107793 
090 |a 100210 
100 |a 20060817d2002 k y0rusy50 ca 
101 0 |a rus 
102 |a RU 
200 1 |a Новая волна о природе диссенсуса в науке: модели и уровни диссенсуса  |f А. А. Корниенко, А. А. Пятунина 
463 0 |0 (RuTPU)RU\TPU\book\68544  |t Прогрессивные технологии и экономика в машиностроении  |o труды региональной научно-практической конференции, Юрга, 25-26 апреля 2002 г.  |f Томский политехнический университет; Филиал ТПУ в Юрге; Отв. ред. Б. Г. Долгун  |v С. 155-156  |d 2002  |p 208 с. 
610 1 |a новая волна 
610 1 |a диссенсус 
610 1 |a наука 
610 1 |a модели 
610 1 |a философия 
610 1 |a труды учёных ТПУ 
700 1 |a Корниенко  |b А. А.  |c российский философ  |c профессор Томского политехнического университета  |c заведующая кафедрой философии  |f 1941-  |g Алла Александровна  |3 (RuTPU)RU\TPU\pers\21967  |9 9286 
701 1 |a Пятунина  |b А. А. 
801 1 |a RU  |b 63413507  |c 20060817  |g PSBO 
801 2 |a RU  |b 63413507  |c 20131004  |g RCR 
942 |c BK